| 000 | 00330 a2200133 4500 | ||
|---|---|---|---|
| 001 | 58012 | ||
| 082 | _a629.1323 SAR | ||
| 090 |
_c35520 _d35520 |
||
| 100 |
_aSaravanamuttoo, HIH _aRogers GFC |
||
| 245 | _aGas Turbine Theory; 50 years, 5/e | ||
| 250 | _a5 | ||
| 260 |
_aIndia _bDorling Kindersley _c2006 |
||
| 600 | _aCohen H. | ||
| 942 |
_aNUST-CAE _k629.1323 SAR |
||
| 999 |
_c293085 _d293085 |
||